Quizzes
Events
Quiz Creation
Community
Videos
Private Events
Remove Ads
Sign In
Join for FREE
Feedback
Dark Mode
Quiz Categories
Sports
Geography
Music
Movies
Television
Just For Fun
Miscellaneous
History
Literature
Language
Science
Gaming
Entertainment
Religion
Holiday
For Kids
Quiz Lab
Recent
Popular Today
Quiz Kudos Today
Editor Picks
Curator Picks
Quizzes by...
Day
Popularity
Type
Ratings
Length
Year
Community
Subscriptions
Recent Discussions
Orange Saloon
Badges
Playlists
Quests
Create
Leaderboards
Showdown
Live 5
Trivia Bingo
Activity
Puzzle Library
Sporcle Events
Private Events
Virtual Trivia
Globe League
Become a Host
Pub Owners
SporcleCon
Opinionation
Our Games
Videos
Blog
Mobile Apps
Partnerships
Remove Ads and Go Orange
Feedback
History
US Presidents
World Leaders
Politics
Nation
Discovery
War
Decade
Year
Century
Biography
Art
History
US Presidents
World Leaders
Politics
Nation
Discovery
War
Decade
Year
Century
Biography
Art
Random Quiz
Search Sporcle
×
Editor Pick
Editor Pick
History
City
Type in answers that appear in a list
Type in answers that appear in a list
Classic
Best Score? Go Orange.
Cities Ruling Land on 3 or More Continents Stats
Can you name the cities to host a government that ruled land on 3 or more continents at the same time?
By
durhamfan
15m
40 Questions
4,922 Plays
4,922 Plays
4,922 Plays
Comments
Comments
Give Quiz Kudos
Give Quiz Kudos
-
- Ratings
hide this ad
More Info
Replay
Link that replays current quiz
Next Quiz
Link to next quiz in quiz playlist
You Got
0%
They Got
Avg Score
51%
Avg Friend Score
Upgrade to see
Score Distribution
Jump to the score distribution portion of the page
Score
0/40
Timer
15:00
0
Plays Today
Continents
City
% Correct
7
London
99.5%
7
Paris
98.9%
6
Madrid
96.7%
3
Rome
95.1%
4
Lisbon
93.9%
4
Amsterdam
92.6%
3
Washington
92.3%
4
Berlin
92.3%
3
Cairo
83.1%
3
Brussels
82.1%
4
Copenhagen
80.1%
3
Constantinople
78.3%
3
Tokyo
75.9%
3
Oslo
74.2%
3
Stockholm
71.9%
3
St Petersburg
65.9%
3
Baghdad
61.9%
3
Canberra
61.8%
3
Alexandria
60.8%
3
Santiago
59.8%
Continents
City
% Correct
5
The Hague
56.3%
3
Venice
51.5%
7
Vichy
50.9%
3
Damascus
48.5%
4
Rio de Janeiro
41.2%
5
Versailles
31.3%
3
Mitau
30.4%
3
Genoa
27.4%
4
Toledo
26.3%
3
Medina
25.9%
3
Babylon
25.6%
4
Utrecht
15.8%
5
Valladolid
10%
3
Pisa
8.9%
3
Pella
7.4%
3
Ctesiphon
5.7%
3
Samarra
2%
3
Kufa
1.5%
3
Harran
1.4%
3
Al-Mansuriya
1.1%
Quiz Playlist
Details
Report
Send in Message
Add To Playlist
More Info:
The government is not always based in the official capitals.
Classic:
Type in answers that appear in a list
Last Updated: Jul 17, 2017
Editor Pick in
History
Quiz Scoreboard
CHALLENGE
Sign Up to Join the Scoreboard
Show All
Scores
Hide
Comments
May contain spoilers
Recently Published
Movies - When Are They Set?
by FPL_Elf
Movies
5m
Popular People in 1961
by mucciniale
History
6m
1-10 Letter E Words III
by El_Dandy
Language
2m
More to Explore
Quiz From the Vault
Featured Blog Post
Where Did the Easter Bunny Come From?
hide this ad
You Might Also Like...
Tags
Capital Quiz
City Quiz
empire
Today's Top Quizzes in History
Browse History
hide this ad
Today's Top Quizzes in City
Browse City
Top Contributed Quizzes in History
1
Popular People in 1991
2
Popular People in 1981
3
Popular People in 1951
4
Popular People in 1941
5
Popular People in 1986
6
Popular People in 1976
7
Popular People in 1921
8
I Am Born On March 28th
9
Popular People in 1946
10
Popular People in 1936
Explore More
Trending Topics
NBA
Crossword
Kpop
Disney
Harry Potter
Anime
Marvel
Puzzle
Song
Country
Pokémon
NFL
The Office
WWE
Soccer
hide this ad
More By:
durhamfan
Quiz
Plays
Rating
Category
Featured
Created
Criteria Empires
649,521
4.18
History
Feb 13, 2014
Criteria Wars
168,532
4.32
History
Jan 15, 2014
Which Animal Is It?
67,825
4.49
Science
Jan 27, 2014
Spoken Languages (US or UK?)
31,217
4.45
Language
Jun 22, 2013
Unoriginal TV
28,217
4.13
Television
Dec 4, 2013
Go to Creator's Profile
Score Distribution
Quiz Creator Spotlight
durhamfan
Follow
Send a Message
Quizzes Created
-
Created Quiz Play Count
-
More By This Creator
Popular Quizzes Today
1
Find the Countries of Europe - No Outlines Minefield
2
Find the US States - No Outlines Minefield
3
The Countries of the World
4
Popular People in 1961
5
1-10 Letter E Words III
6
US States
7
Find the US States
8
One Thing in Common: World Cities II
More History Quizzes
History Via Sporcle
Published
Trending Quizzes
Risky Map Clicking: Least Populous States A-Z
Humor Books: The Subtitles
1-10 Letter F Words
1-10 Letter G Words
One Thing in Common: United Kingdom
Recently Updated
Leaping Animals
pecheneg
Reality TV Shows (A-Z)
bhenderson79
Rickey Henderson's Hall of Fame Teammates
pecheneg
Champions League XIs: Arsenal
pecheneg
Quick Pick: Celebrities in WWE's Hall of Fame
aduchscher
A-Z Keypad Blitz II
pecheneg
Multiple Oscar Actors
pecheneg
Mystery Phrase Blitz: Oscar 'Best Actors'
pecheneg
F. Scott Fitzgerald Novels
LTH
Pick 3 Villains
ddd62291
Trending Topics
Disney
Harry Potter
Kpop
Crossword
NBA
Anime
Marvel
NFL
Pokémon
Country
Puzzle
Soccer
Song
The Office
WWE
Your Account Isn't Verified!
In order to create a playlist on Sporcle, you need to verify the email address you used during registration. Go to your
Sporcle Settings
to finish the process.
Report this User
Report this user for behavior that violates our
Community Guidelines
.
Details:
Send Report
Go to the Sporcle.com Mobile Site →
Comments